| 000 | 00458nam a2200169Ia 4500 | ||
|---|---|---|---|
| 001 | 12963 | ||
| 005 | 20260306163019.0 | ||
| 008 | 260306t9999||||xx |||||||||||||| ||spa|| | ||
| 041 | _aESP | ||
| 082 |
_aRD 475 _bL28 |
||
| 100 |
_aVox _eAUT |
||
| 245 | 0 |
_aResumen de gramática latina: _bapéndice al diccionario ilustrado latino-español, español-latino |
|
| 300 |
_a57 páginas : _c19 cm. |
||
| 650 | _aGEN | ||
| 654 | _aCHU | ||
| 942 |
_cDIC _dJUS _fJUS _2ddc _n |
||
| 999 |
_c12963 _d12963 |
||